000 00520nam a2200205Ia 4500
003 GCL
008 140319s9999 xx 000 0 eng d
040 _aGCL /
_cGCL
082 0 4 _a720.92
_bK I
100 1 _aGOZAK, ANDREI
245 1 0 _aI VAN LEONIDAV: THE COMPUTER WORKS /
_cGOZAK, ANDREI
700 1 _aLEONIDAV, ANDREI
260 _a[S.N] :
_bACADEMY EDITIONS ،
_c1988
300 _a215 P
650 0 4 _aARCHITECTURE
650 0 4 _aARCHITECTS
650 0 4 _aLEONIDAV, IVAN
650 0 4 _aPLANS
942 _2ddc
_cBK
999 _c11045
_d11045